Central Library OPAC University of Rajshahi

The collected plays of W. B. Yeats / (Record no. 20058)

MARC details
000 -LEADER
fixed length control field 00747cam a22002651 4500
001 - CONTROL NUMBER
control field 20058
003 - CONTROL NUMBER IDENTIFIER
rucl marc code BD-RjUL
005 - DATE AND TIME OF LATEST TRANSACTION
control field 20211209000521.0
008 - FIXED-LENGTH DATA ELEMENTS--GENERAL INFORMATION
fixed length control field 140226r19531934enkc 000 0 eng
035 ## - SYSTEM CONTROL NUMBER
System control number (BD-RjUL)20120
System control number (OCoLC)2518182
040 ## - CATALOGING SOURCE
Original cataloging agency DLC
Transcribing agency ArLUA
Modifying agency ArLUA
-- DLC
-- BD-RjUL
Language of cataloging eng
041 ## - LANGUAGE CODE
Language code of text/sound track or separate title eng
082 ## - DEWEY DECIMAL CLASSIFICATION NUMBER
Classification number 822.91
Author mark and year YEC
100 1# - MAIN ENTRY--PERSONAL NAME
Personal name Yeats, W. B.
Fuller form of name (William Butler),
Dates associated with a name 1865-1939
9 (RLIN) 61747
245 14 - TITLE STATEMENT
Title The collected plays of W. B. Yeats /
260 ## - PUBLICATION, DISTRIBUTION, ETC. (IMPRINT)
Place of publication, distribution, etc. London :
Name of publisher, distributor, etc. Macmillan,
Date of publication, distribution, etc. 1934 [reprinted 1953]
300 ## - PHYSICAL DESCRIPTION
Pagination vi, 617 p. :
Illustrations front (port.) ;
Size 21 cm.
650 ## - SUBJECT ADDED ENTRY--TOPICAL TERM
Topical term or geographic name as entry element Plays
9 (RLIN) 61748
651 #0 - SUBJECT ADDED ENTRY--GEOGRAPHIC NAME
Geographic name Ireland
Form subdivision Drama.
9 (RLIN) 61749
942 ## - ADDED ENTRY ELEMENTS (KOHA)
Source of classification or shelving scheme Dewey Decimal Classification
Koha item type Books
Holdings
Lost status Source of classification or shelving scheme Damaged status Not for loan Collection code Permanent Location Current Location Shelving location Date acquired Source of acquisition Cost, normal purchase price Total Checkouts Full call number Date last seen Copy number Koha item type
  Dewey Decimal Classification   Not For Loan Fiction Central Library, University of Rajshahi Central Library, University of Rajshahi Reading Room 07/08/1956 Black Well 18.00   822.91 YEC 1953 26/02/2014 C-1 Books